| 000 | 00514nam a22001697a 4500 | ||
|---|---|---|---|
| 005 | 20250303085354.0 | ||
| 008 | 250303b |||||||| |||| 00| 0 eng d | ||
| 020 | _a9780443102448 | ||
| 050 |
_aRM301.28 _b.L38 |
||
| 100 | _aBennett, Peter N. | ||
| 245 |
_aClinical Pharmacology/ _cPeter N. Bennett & Morris J. Brown |
||
| 250 | _a10th ed. | ||
| 260 |
_aEdinburgh _bChurchill Livingstone/Elsevier _c2008 |
||
| 300 |
_ax. 694p. _bill. some color _c24.5cm |
||
| 700 | _aBrown, Morris J. | ||
| 942 |
_2lcc _cBK _e10th ed. _n0 |
||
| 999 |
_c4457 _d4457 |
||